Eesti vanasõnad - Statistics

General Stats
  • This quiz has been taken 199 times
  • The average score is 8 of 10
Answer Stats
Question Answer % Correct
_______ kott ei seisa püsti. Tühi
97%
Targem annab _______. järele
94%
Hirmul on _________ silmad. suured
91%
Hommik on õhtust _________ targem
91%
Üheksa korda mõõda, üks kord ______________ lõika
88%
Häda ajab härja ________ kaevu
72%
Veerev _______ ei sammaldu. kivi
72%
Hea sõna võidab võõra ________. väe
69%
Esimene _________ läheb ikka aia taha. vasikas
63%
Narri meest, aga mitte mehe _______ mütsi
59%
No matching quizzes found
Score Distribution
Percent of People with Each Score
Percentile by Number Answered
Your Score History
You have not taken this quiz